| 000 | 00699nam a2200229Ia 4500 | ||
|---|---|---|---|
| 999 |
_c43367 _d43367 |
||
| 003 | OSt | ||
| 005 | 20240530103915.0 | ||
| 008 | 140319s1990 ua 000 0 ara d | ||
| 017 |
_a1990/2853 _bمصر. دار الكتب |
||
| 020 | _a9770803510 | ||
| 040 |
_aGCL / _cGCL |
||
| 082 | 0 | 4 |
_a239.1/ _bع ا _221 |
| 100 | 0 | _aعبدالسلام العشرى | |
| 245 | 1 | 0 |
_aامنة بنت وهب / _cعبدالسلام العشرى |
| 260 |
_aالقاهرة : _bنهضة مصر، _c1990. |
||
| 300 |
_a167 ص. ؛ _c16 سم. |
||
| 490 | 0 |
_aنساء شهيرات ؛ _v0 |
|
| 600 | 0 | _aامنة بنت وهب | |
| 650 | 0 | 7 |
_2qrmak _aالمرأة فى الاسلام |
| 651 | _2qrmak | ||
| 942 |
_2ddc _cBK |
||